Comunicación y cultura en la era digital. Industrias, mercados y diversidad en España.
Saved in:
| Hovedforfatter: | |
|---|---|
| Format: | Bog |
| Sprog: | spansk |
| Udgivet: |
Barcelona
Gedisa S. A
2002
|
| Udgivelse: | 2a. ed |
| Serier: | Multimedia, 24
|
| Fag: | |
| Tags: |
Tilføj Tag
Ingen Tags, Vær først til at tagge denne postø!
|
MARC
| LEADER | 00000cam a2200000 a 4500 | ||
|---|---|---|---|
| 001 | UCC5857 | ||
| 003 | CL-VaPUC | ||
| 005 | 20250310153911.0 | ||
| 008 | 181031t20020000sp |||||||||||||||||spa|d | ||
| 999 | |c 372966 |d 372964 | ||
| 020 | |a 978-84-7432-985-X | ||
| 040 | |c Pontificia Universidad Católica de Valparaíso | ||
| 082 | 0 | 4 | |a 302.23 BUS 2002 |2 21 |
| 100 | |a Bustamante, Enrique |e coordinador |9 896516 | ||
| 245 | 1 | 0 | |a Comunicación y cultura en la era digital. |b Industrias, mercados y diversidad en España. |
| 250 | |a 2a. ed | ||
| 260 | |a Barcelona |b Gedisa S. A |c 2002 | ||
| 300 | |a 382 p | ||
| 490 | 0 | |a Multimedia, 24 | |
| 583 | |a last modification |c 20181031 17:21:00 |k Rodrigo Vera | ||
| 650 | 0 | |a Medios de comunicación de masas |9 257273 | |
| 650 | 7 | |a INNOVACIONES TECNOLOGICAS |2 CL-VaPUC |9 600264 | |
| 650 | 0 | |a Internet |9 254823 | |
| 650 | 0 | |a Cambio social |9 256857 | |
| 650 | 0 | |a Desarrollo cultural |9 267526 | |
| 942 | |c BK |2 ddc | ||
| 945 | |d 20181031 17:21:00 |a dcastane | ||
| 952 | |0 0 |1 0 |3 erb |4 0 |6 302_230000000000000_BUS_2002 |7 0 |8 A |9 490858 |a BIBCUR |b BIBCUR |i 5511585 |o 302.23 BUS 2002 |p 5511585 |r 2025-04-22 |w 2019-11-24 |y BK |z Catalogado en:20181031 |k PER | ||